000 00779nam a2200193 i 4500
001 131414
003 ES-MaACL
005 20230906193957.0
007 t|
008 070214m19661975sp r ||||1| spa d
100 1 _aRodríguez de Abajo, F. Javier.
_998435
245 1 0 _aGeometría descriptiva /
_cF. Javier Rodríguez de Abajo, Antonino García Cordera.
260 _aSan Sebastián :
_bEd. Donostiarra,
_c1966-1975.
300 _a5 v. ;
_c24 cm.
505 8 _aContiene: Tomo I. Sistema diédrico. Tomo II. Sistema de planos acotados. Tomo III. Sistema axonométrico. Tomo IV. Sistema de perspectiva caballera. Tomo V. Sistema cónico
650 4 _aGeometría descriptiva.
_9136182
700 1 _aGarcía Cordera, Antonino.
_954382
852 _aES-MaACL
_jL-2200-4
_bR.91401
999 _c131414
_d131414